| 000 | 00589nam a22001937a 4500 | ||
|---|---|---|---|
| 005 | 20251108165505.0 | ||
| 008 | 250721s9999 xx 000 0 ara d | ||
| 082 | 1 | 4 | _aم/217.8/محم |
| 100 | 1 | _aأبو زهرة، محمد | |
| 245 | 1 | 0 |
_aالإمام زيد : _bحياته و عصره - آراؤه و فقهه / |
| 264 | 1 |
_aالقاهره : _bدار الفكر العربي، _c[19-]. |
|
| 300 | _a539ص | ||
| 650 | 1 | 7 | _aالإسلام |
| 650 | 1 | 7 | _aالفقه الإسلامي |
| 650 | 1 | 7 | _aفقه الشيعة |
| 650 | 1 | 7 | _aالزيدية |
| 942 |
_2ddc _cREF |
||
| 999 |
_c29139 _d29139 |
||